Introduction to fuzzy systems / (Record no. 29657)

000 -LEADER
fixed length control field 00715 a2200193 4500
020 ## - INTERNATIONAL STANDARD BOOK NUMBER
International Standard Book Number 1584885319
020 ## - INTERNATIONAL STANDARD BOOK NUMBER
International Standard Book Number 9781584885313
082 ## - DEWEY DECIMAL CLASSIFICATION NUMBER
Classification number 006.3
090 ## - LOCALLY ASSIGNED LC-TYPE CALL NUMBER (OCLC); LOCAL CALL NUMBER (RLIN)
-- 1039
-- 1039
100 1# - MAIN ENTRY--PERSONAL NAME
Personal name Chen, Guanrong.
245 10 - TITLE STATEMENT
Title Introduction to fuzzy systems /
Statement of responsibility, etc. Guanrong Chen, Trung Tat Pham.
260 ## - PUBLICATION, DISTRIBUTION, ETC.
Place of publication, distribution, etc. [S.l.] :
Name of publisher, distributor, etc. Chapman and Hall/CRC,
Date of publication, distribution, etc. 2006.
300 ## - PHYSICAL DESCRIPTION
Extent 336 p. ;
Dimensions 24 cm.
490 1# - SERIES STATEMENT
Series statement Chapman & hall/crc applied mathematics & nonlinear science.
700 1# - ADDED ENTRY--PERSONAL NAME
Personal name Pham, Trung Tat.
830 #0 - SERIES ADDED ENTRY--UNIFORM TITLE
Uniform title Chapman & hall/crc applied mathematics & nonlinear science.
942 ## - ADDED ENTRY ELEMENTS (KOHA)
Institution code [OBSOLETE] SNS
Koha item type Book
Call number prefix 006.3 CHE
Holdings
Withdrawn status Lost status Damaged status Not for loan Permanent Location Current Location Date acquired Total Checkouts Full call number Barcode Date last seen Price effective from Koha item type
        School of Natural Sciences (SNS) School of Natural Sciences (SNS) 05/26/2016   006.3 CHE SNS0001224 05/26/2016 05/26/2016 Book
© 2023 Central Library, National University of Sciences and Technology. All Rights Reserved.